000 00346nam a2200145Ia 4500
008 230917s9999||||xx |||||||||||||| ||und||
040 _e53019
_aMAIN
041 _aEnglish
082 _aB J334S:J
100 _aScarfe, Allan
245 0 _aJ P: His biography
260 _aNew Delhi
_bOrient Longman
_c1975
300 _ax, 222 p.
942 _cBK
999 _c157174
_d157174